000 00685nam a22002177a 4500
003 OSt
005 20250710024434.0
008 250710b |||||||| |||| 00| 0 eng d
020 _a971-0489-80-0.
040 _aDWCL - Main lib
_cOC
082 _aFil. 657.046 G934a 2011
100 _aGuerrero, Pedro P.
245 _aAdvanced accounting :
_ba procedural approach volume I/
_cPedro P. Guerrero
250 _a2011 ed.
260 _aManila :
_bGIC Enterprises, & Co. , Inc.
_cc2011.
300 _aviii, 463 p. ;
_c23 cm.
650 _a1. Accounting
650 _a2. Accounting-Problems, exercises. etc.
700 _aJose F. Peralta
942 _2ddc
_cBK - FIL
_e2011 ed.
_kFil.
_n0
999 _c3563
_d3563